Reglamento del impuesto sobre el aumento del valor de los terrenos rústicos y urbanos. (Record no. 125878)
[ view plain ]
| 000 -LEADER | |
|---|---|
| campo de control de longitud fija | 00660nam a2200181 i 4500 |
| 001 - NÚMERO DE CONTROL | |
| campo de control | 125878 |
| 003 - IDENTIFICADOR DE NÚMERO DE CONTROL | |
| campo de control | ES-MaACL |
| 005 - FECHA Y HORA DE LA ÚLTIMA TRANSACCIÓN | |
| campo de control | 20230906192720.0 |
| 007 - CAMPO FIJO DE DESCRIPCIÓN FÍSICA--INFORMACIÓN GENERAL | |
| campo de control de longitud fija | t| |
| 008 - DATOS DE LONGITUD FIJA--INFORMACIÓN GENERAL | |
| campo de control de longitud fija | 070214s1967 sp e |||| | spa d |
| 110 1# - ENTRADA PRINCIPAL--NOMBRE DE ENTIDAD CORPORATIVA | |
| Nombre de entidad corporativa o nombre de jurisdicción como elemento de entrada | Navarra (Provincia). |
| Unidad subordinada | Diputación Foral. |
| 9 (RLIN) | 169204 |
| 245 10 - MENCIÓN DEL TÍTULO | |
| Título | Reglamento del impuesto sobre el aumento del valor de los terrenos rústicos y urbanos. |
| 260 ## - PUBLICACIÓN, DISTRIBUCIÓN, ETC. | |
| Lugar de publicación, distribución, etc. | Pamplona : |
| Nombre del editor, distribuidor, etc. | [s. n.], |
| Fecha de publicación, distribución, etc. | 1967 ( |
| Fabricante | Imp. de la Diputación) |
| 300 ## - DESCRIPCIÓN FÍSICA | |
| Extensión | 109 p. ; |
| Dimensiones | 22 cm + |
| Material acompañante/anejo | 28 plan. |
| 500 ## - NOTA GENERAL | |
| Nota general | Precede al tít.: Diputación Foral de Navarra. |
| 650 #4 - PUNTO DE ACCESO ADICIONAL DE MATERIA--TÉRMINO DE MATERIA | |
| Término de materia o nombre geográfico como elemento de entrada | Impuesto sobre el incremento del valor de los terrenos. |
| 9 (RLIN) | 169203 |
| 852 ## - LOCALIZACIÓN | |
| Ubicación | ES-MaACL |
| Número de control de estantería | C-32739 |
| Estatus retirado | Estado de pérdida | Estado de daño | No para préstamo | Biblioteca de origen | Biblioteca actual | Ubicación en estantería | Fecha de adquisición | Fuente de adquisición | Total de préstamos | Signatura topográfica completa | Código de barras | Visto por última vez | Precio de reemplazo | Tipo de ítem Koha |
|---|---|---|---|---|---|---|---|---|---|---|---|---|---|---|
| Biblioteca del Ateneo de Madrid | Biblioteca del Ateneo de Madrid | Depósito 2 | 17/01/2008 | C-32739 | 1131124 | 23/02/2023 | 23/02/2023 | Libro impreso |
